30 Najważniejszych dat w historii ludzkości! - Statystyki

Ogólne statystyki
  • Ten quiz został rozwiązany 22 razy
  • Średni wynik to 6 z 30
Statystyki odpowiedzi
Wydarzenie Data % Poprawnych
II wojna światowa 1939-1945
63%
Odkrycie Ameryki przez Kolumba 1492 r.
50%
Wyprawa Napoleona na Moskwę 1812 r.
44%
Upadek cesarstwa zachodniorzymskiego, upadek starożytności 476 r.
44%
Upadek Konstantynopola 1453 r.
38%
Traktat wersalski 1919 r.
38%
Pierwsze igrzyska w Olimpii 776 p. n. e.
38%
I wojna światowa 1914-1918 r.
31%
Rewolucja bolszewicka w Rosji 1917 r.
31%
Powstanie druku 1450 r.
25%
Wystąpienie Marcina Lutra, początek reformacji 1517 r.
25%
Wiosna ludów 1848 r.
25%
Założenie miasta Rzym 753 p. n. e.
25%
Deklaracja niepodległości USA 1776 r.
19%
Podział chrześcijaństwa na katolicyzm i prawosławie 1054 r.
13%
Początek soboru trydenckiego i kontrreformacji w Kościele. 1545 r.
13%
Kongres wiedeński 1814-1815 r.
13%
Wojna secesyjna w USA 1861-1865 r.
13%
Zjednoczenie Niemiec 1871 r.
13%
Karol Wielki przyjął tytuł cesarza rzymskiego 800 r.
13%
Rewolucja francuska 1789-1794 r.
6%
Edykt mediolański 313 r.
6%
Ostateczny podział cesarstwa rzymskiego na wschodnie i zachodnie 395 r.
6%
Hidżra 622 r.
6%
Pierwsza krucjata 1096-1099 r.
0%
Koniec I wojny światowej, odzyskanie niepodległości przez Polskę 1918 r. 11 listopad
0%
Powstanie państwa kościelnego 756 r.
0%
Podział państwa franków na trzy części 843 r.
0%
Pojawienie się człowieka Kilka mln lat temu
0%
Początki rolnictwa na bliskim wschodzie Ok. 9500 r. p. n. e.
0%
Nie znaleziono quizów pasujących do podanych kryteriów
Rozkład punktacji
Procent ludzi z każdym wynikiem
Percentyl według liczby udzielonych odpowiedzi
Twoja historia wyników
Nie rozwiązałeś tego quizu